000 00510nam a2200205Ia 4500
005 20250923150404.0
008 008 250917s9999 xx 000 0 eng d
037 _aTextual
040 _aDSWL
_beng
_cDSWL
041 _aeng
_2eng
084 _qDSWL
100 _aAndersoon, Kjell
_9845418
245 0 _aBeyond the rural-urban divide
_cby Kjell Andersoon
260 _aUK
_b Emerald Jai
_c2009
300 _a350 p.
365 _aINR
490 _aV14
942 _cTEXL
999 _c1462922
_d1462922